ਸ਼ਿਵ ਕੁਮਾਰ : ਰਚਨਾ ਸੰਸਾਰ / (Record no. 110926)
[ view plain ]
| 000 -LEADER | |
|---|---|
| fixed length control field | 01195nam a22002417a 4500 |
| 005 - DATE AND TIME OF LATEST TRANSACTION | |
| control field | 20170123164159.0 |
| 010 ## - LIBRARY OF CONGRESS CONTROL NUMBER | |
| LC control number | A-552495 |
| 035 ## - SYSTEM CONTROL NUMBER | |
| System control number | A-552495 |
| 037 ## - SOURCE OF ACQUISITION | |
| Source of stock number/acquisition | Cen Lib / Ret |
| 040 ## - CATALOGING SOURCE | |
| Original cataloging agency | DPL |
| Language of cataloging | PN |
| 082 ## - DEWEY DECIMAL CLASSIFICATION NUMBER | |
| Classification number | 851 |
| Item number | ਸ਼ਿਵਕੁ |
| 245 ## - TITLE STATEMENT | |
| Title | ਸ਼ਿਵ ਕੁਮਾਰ : ਰਚਨਾ ਸੰਸਾਰ / |
| Statement of responsibility, etc | ਸੰਪਾਦਕ ਅਮਰੀਕ ਸਿੰਘ ਪੁੰਨੀ |
| 246 ## - VARYING FORM OF TITLE | |
| Title proper/short title | Shiv kumar : rachna sansar : a collection of critical essays / |
| Remainder of title | by Amrik Singh Punni |
| 260 ## - PUBLICATION, DISTRIBUTION, ETC. (IMPRINT) | |
| Place of publication, distribution, etc | ਨਵੀ ਦਿੱਲੀ |
| Name of publisher, distributor, etc | ਪੰਜਾਬੀ ਅਕਾਦਮੀ |
| Date of publication, distribution, etc | 1989 |
| 270 ## - ADDRESS | |
| Address | ਡੀ. ਡੀ. ਏ. ਕਸਿਉਨਿਟੀ ਫ਼ੈਸਿਲਿਟੀਜ਼ ਕੰਪਲੈਕਸ, ਮੋਤੀਆ ਖ਼ਾਨ, ਮਦਰ ਥਾਣਾ ਰੋਡ, ਪਹਾੜ ਗੰਜ |
| City | ਨਵੀ ਦਿੱਲੀ |
| Postal code | 110055 |
| 300 ## - PHYSICAL DESCRIPTION | |
| Extent | 125p. |
| Dimensions | 22cm(Hb) |
| 650 ## - SUBJECT ADDED ENTRY--TOPICAL TERM | |
| Topical term or geographic name as entry element | ਸਾਹਿਤ --ਪੰਜਾਬੀ |
| 9 (RLIN) | 138821 |
| 650 ## - SUBJECT ADDED ENTRY--TOPICAL TERM | |
| Topical term or geographic name as entry element | ਪੰਜਾਬੀ--- ਕਵਿਤਾਵਾਂ |
| 9 (RLIN) | 138822 |
| 650 ## - SUBJECT ADDED ENTRY--TOPICAL TERM | |
| Topical term or geographic name as entry element | Literature--Punjabi |
| 9 (RLIN) | 138823 |
| 650 ## - SUBJECT ADDED ENTRY--TOPICAL TERM | |
| Topical term or geographic name as entry element | Punjabi-- Poetry |
| 9 (RLIN) | 138824 |
| 700 ## - ADDED ENTRY--PERSONAL NAME | |
| Personal name | ਅਮਰੀਕ ਸਿੰਘ ਪੁੰਨੀ |
| 9 (RLIN) | 9532 |
| 942 ## - ADDED ENTRY ELEMENTS (KOHA) | |
| Source of classification or shelving scheme | Dewey Decimal Classification |
| Koha item type | Punjabi Bks |
| Classification part | 851 |
| Call number suffix | ਸ਼ਿਵਕੁ |
| Withdrawn status | Lost status | Damaged status | Not for loan | Home library | Current library | Date acquired | Source of acquisition | Cost, normal purchase price | Total Checkouts | Full call number | Barcode | Date last seen | Copy number | Cost, replacement price | Price effective from | Koha item type |
|---|---|---|---|---|---|---|---|---|---|---|---|---|---|---|---|---|
| Central Library | Central Library | 10/02/2016 | Cen Lib/Ret | 0.00 | 851 ਸ਼ਿਵਕੁ | A-552495 | 10/02/2016 | 1 | 0.00 | 10/02/2016 | Punjabi Bks |
